| 000 | 00596nam a22001937a 4500 | ||
|---|---|---|---|
| 003 | OSt | ||
| 005 | 20140310181957.0 | ||
| 008 | 130727t xxu||||| |||| 00| 0 eng d | ||
| 020 | _a9715116590 | ||
| 050 |
_aRG 525 _b.G261 2002 |
||
| 082 |
_aFIL 899.2113 _bG22 2001 |
||
| 100 | _aGatmaitan, Luis P. | ||
| 245 |
_aAba, may baby sa loob ng tiyan ni mommy! (wow, there's a baby in mommy's tummy!) / _cLuis P. Gatmaitan. |
||
| 260 |
_aMandaluyong City, Metro Manila : _bOMF Literature Inc, _c2002. |
||
| 300 |
_a20 p. : _bcol. ill. ; _c25 cm. |
||
| 562 | _e1 | ||
| 942 |
_2lcc _cBK |
||
| 999 |
_c7956 _d7956 |
||